00000000nam##2200000za#4500
0019.591906
003CaOODSP
00520210624200923
007cr |||||||||||
008150406|2004||||xxc|||||o    f|0| 0 fre|d
020 |a0-662-77672-0
040 |aCaOODSP|bfre
043 |an-cn---
0861 |aEn49-17/544F-PDF
1101 |aCanada. |bEnvironnement Canada.
24510|aÀ la recherche d'un terrain d'entente : |h[ressource électronique]|bstratégie internationale pour le Programme des substances nouvelles du Canada (substances chimiques et polymères)
260 |aOttawa - Ontario : |bEnvironnement Canada |cAoût 2004.
300 |a17p.|bfigure
4901 |aSérie de la protection de l'environnement. [Consultations multilatérales]|vSPE M-544
500 |a« En conformité avec le Règlement sur les renseignements concernant les substances nouvelles de la Loi canadienne sur la protection de l'environnement (1999) »--Couverture. Le n° de catalogue (En49-17/544) de l'édition imprimée bilingue à été incorrectement copié dans l'édition électronique. L'ISBN (0-662-68366-7) copié dans cette édition électronique sont incorrects.
590 |a14-08-Supp|b2014-04-10
69107|aProduit toxique|2gcpds
69107|aProtection de l'environnement|2gcpds
77508|tFinding common ground : |w(CaOODSP)9.559097
830#0|aSérie de la protection de l'environnement. [Consultations multilatérales]|vSPE M-544|w(CaOODSP)9.501194
85640|ahttp://publications.gc.ca|qPDF|s401 Ko|uhttps://publications.gc.ca/collections/collection_2014/ec/En49-17-544-fra.pdf|ySPE M-544